000 00548nam a2200169 a 4500
001 000017191
005 20200929165037.0
008 100319s1957 dr 000 0 spa d
040 _aDO-SdBNP
_bspa
_cBNPHU
082 _axxx
_bL681r
110 1 _aRepública Dominicana
_bSecretaría de Estado de Relaciones Exteriores y Culto
_937827
240 1 3 _a[Leyes etc.]
245 1 0 _aLey y reglamentos de la orden Cristobal Colón.
260 _aCiudad Trujillo, República Dominicana :
_bArte y Cine,
_c1957.
300 _a14 p. ;
_c23 cm.
049 _aBNPD
999 _c16717
_d16717